000
00165nam a22000857a 4500
003
SGT
100
_a
OXFORD
245
_a
ADVANCED LEARNERS DICTIONARY
942
_2
ddc
_c
CD
999
_c
20096
_d
20096